| 000 | 00839nam a2200205Ia 4500 | ||
|---|---|---|---|
| 003 | PE SENCICO BE | ||
| 005 | 20251020182535.0 | ||
| 008 | 200515s9999 xx 000 0 und d | ||
| 040 |
_aPE SENCICO BE _cPE SENCICO BE |
||
| 041 | _aspa | ||
| 082 |
_a72.019 _bD75 |
||
| 100 | 1 |
_aDong, Wei _942 |
|
| 245 | 1 | 0 |
_aTécnicas de presentación en color : _buna guía para arquitectos y diseñadores de interiores / _cWei Dong |
| 260 |
_aMéxico, D.F.: _bMcGraw Hill, _c2000 |
||
| 300 |
_a139 p.: _bil. col., fotog., _c21 cm. |
||
| 520 | _aSe expone el conocimiento, los instrumentos, las técnicas, los ejercicios y los procedimientos que se requieren para lograr una representación gráfica de gran calidad. | ||
| 650 | 1 | 0 |
_aArtes visuales _917 |
| 650 | 2 | 0 |
_aDiseño arquitectónico _918 |
| 942 |
_cLIB _2ddc _h72.019 _iD75 |
||
| 999 |
_c2208 _d2208 |
||